Focus sur: Rollo Bophin - Tolkien - Statistiques

Statistiques générales
  • Ce quiz a été pris 2 fois
  • Le résultat moyen est 5 sur 12
Statistiques - réponses
Informations recherchées Réponses % Correct
Contrée Comté
100%
Espèce Hobbit
100%
Première mention Le Seigneur des Anneaux: La Communauté de l'Anneau
100%
Age durant lequel elle vécut Troisième
100%
Ville Château-Brande
50%
Uffo Bophin
50%
Autre traduction du nom Boffine
0%
Epouse Druda Fouine
0%
Frères Hugo Bophin
0%
Mère Lavande Fouille
0%
Père Otto Bophin
0%
Sœur Primrose Bophin
0%
Aucun quiz correspondant
Distribution des résultats
% des personnes avec chaque résultat
Percentile par nombre de réponses
Votre historique - résultats
Vous n’avez pas pris ce quiz